| 000 | 00486nam a2200169Ia 4500 | ||
|---|---|---|---|
| 008 | 230917s9999||||xx |||||||||||||| ||und|| | ||
| 020 | _cRS1572 | ||
| 040 |
_e216036 _aMAIN |
||
| 041 | _aEnglish | ||
| 082 | _a801.95 A46A | ||
| 100 | _aAristotle | ||
| 245 | 0 | _aAristotle`s poetics: A translation and commentary for students of literature | |
| 260 |
_aNew Jersey _bPrentice- Hall _c1968 |
||
| 300 | _ax, 311 p. | ||
| 500 | _a1539 07/05/2014 KB165 09/08/2014 Main Budget | ||
| 942 | _cBK | ||
| 999 |
_c11336 _d11336 |
||